| 000 | 00856nam a2200265 a 4500 | ||
|---|---|---|---|
| 008 | |||
| 020 | _a0070492476 (hbk. ) | ||
| 049 | _aMAIN | ||
| 090 | _aQA76.5 LUE | ||
| 100 | 1 | _aLuehrmann, Arthur. | |
| 245 | 1 | 0 |
_aComputer literacy : _ba hands-on approach : TRS-80 version / _cArthur Luehrmann, Herbert Peckham ; with Antonio Padial. |
| 260 |
_aNew York : _bMcGraw-Hill, _c1986. |
||
| 300 |
_axxix, 379 p. : _bill. (some col.) ; _c25 cm. |
||
| 440 | 2 | _aA Computer literacy book. | |
| 500 | _aIncludes index. | ||
| 650 | 0 |
_aTRS-80 computers _xProgramming. |
|
| 650 | 0 | _aBASIC (Computer program language) | |
| 700 | 1 | _aPeckham, Herbert D. | |
| 700 | 1 | _aPadial, Antonio. | |
| 907 |
_a.b10044516 _b07-03-07 _c17-04-03 |
||
| 003 | |||
| 005 | 20230123133416.0 | ||
| 040 | _cNUST | ||
| 942 |
_cBOOKS _kQA76.5 LUE |
||
| 999 |
_c148073 _d148073 |
||